00530 2200157 4500001002100000005001500021035002000036007000300056008003900059082002200098084002800120100001600148245014900164260003900313856002000352INLIS00000000000280320200217113249 a0010-0220000820ta200217 | | |  a616.907 259 815 6 a616.907 259 815 6 SIS g0 aSiska Rohim1 aGambaran Pengetahuan, Dan Peran Keluarga Terhadap Pencegahan Malaria Pada Remaja Putri Di Wilayah Kerja Puskesmas Koni Kota Jambi /cSiska Rohim aJambi :bStikes Prima Jambi,c2015 aD III Kebidanan